| 000 | 00693nam a22001937a 4500 | ||
|---|---|---|---|
| 003 | 0 | ||
| 005 | 20250120130026.0 | ||
| 008 | 160107b xxu||||| |||| 00| 0 eng d | ||
| 050 |
_aPHS DA 332 _b.D352 2015 |
||
| 100 | _aDelgado, Dennis Paulo S. | ||
| 245 |
_aHenry VII: the genesis of the Tudors _cDennis Paulo S. Delgado |
||
| 260 |
_aLas Piñas, Philippines : _bSouthville International School and Colleges, _c2015. |
||
| 300 |
_aiii, 34 p. : _bill. ; _c28 cm. |
||
| 504 | _aIncludes bibliographical references. | ||
| 600 | _aHenry VII, King of England, 1457–1509. | ||
| 650 |
_aTudor England _vHistory. |
||
| 650 |
_aMonarchy _zGreat Britain _vHistory _y16th century. |
||
| 942 |
_2lcc _cPASS |
||
| 999 |
_c289044 _d289044 |
||